El delito de aborto.

Αποθηκεύτηκε σε:
Λεπτομέρειες βιβλιογραφικής εγγραφής
Κύριος συγγραφέας: Schepeler Raveau, Manuel
Μορφή: Βιβλίο
Γλώσσα:Ισπανικά
Έκδοση: Santiago, Chile Jurídica de Chile 1967
Σειρά:Memoria. 18
Θέματα:
Ετικέτες: Προσθήκη ετικέτας
Δεν υπάρχουν, Καταχωρήστε ετικέτα πρώτοι!

MARC

LEADER 00000nam a2200000 a 4500
001 UCS0231
003 CL-VaPUC
005 20240819122411.0
008 970418e19670000CL |||||||||||||||||spa|d
999 |c 258471  |d 258469 
040 |c Pontificia Universidad Católica de Valparaíso 
082 0 4 |a 364.185 SCH 1967  |2 21 
100 0 |a Schepeler Raveau, Manuel  |9 383455 
245 1 3 |a El delito de aborto. 
260 0 3 |a Santiago, Chile  |b Jurídica de Chile  |c 1967 
300 |a 103 páginas. 
490 0 |a Memoria.  |v 18 
583 |a last modification  |c 19970418 00:00:00  |k Rodrigo Vera 
650 7 |a DERECHO PENAL  |2 CL-VaPUC  |9 11 
650 0 |a Delitos  |9 224143 
650 0 |a Aborto  |9 256680 
650 0 |a Asesinatos   |9 401043 
650 0 |a Criminología  |9 256168 
942 |c BK  |2 ddc 
945 |d 19970418 00:00:00  |a paguirre 
952 |0 0  |1 0  |2 ddc  |4 0  |6 364_185000000000000_SCH_1967  |7 0  |8 A  |9 282605  |a BIBDER  |b BIBDER  |d 2019-11-19  |i 1832417  |o 364.185 SCH 1967  |p 1832417  |r 2023-01-25  |t 1  |w 2019-11-19  |y BK  |k DER 
952 |0 0  |1 0  |2 ddc  |4 0  |6 364_185000000000000_SCH_1967  |7 0  |8 A  |9 282606  |a BIBDER  |b BIBDER  |d 2019-11-19  |i 1832425  |o 364.185 SCH 1967  |p 1832425  |r 2023-01-25  |t 2  |w 2019-11-19  |y BK  |k DER